La civilización China: la vida pública y la vida privada
Salvato in:
| Autore principale: | |
|---|---|
| Natura: | Libro |
| Lingua: | spagnolo |
| Pubblicazione: |
Ciudad de México
U.T.E.H.A
1959
|
| Serie: | La Evolución de la Humanidad, 29
|
| Soggetti: | |
| Tags: |
Aggiungi Tag
Nessun Tag, puoi essere il primo ad aggiungerne!!
|
MARC
| LEADER | 00000nam a2200000 a 4500 | ||
|---|---|---|---|
| 001 | UCV9295 | ||
| 003 | CL-VaPUC | ||
| 008 | 920805e19590000MX |||||||||||||||||spa|d | ||
| 082 | 0 | 4 | |a 951 |b GRA |2 21 |
| 100 | |a Granet, Marcel |e author |9 459342 | ||
| 245 | 1 | 3 | |a La civilización China: la vida pública y la vida privada |
| 300 | |a 378 p | ||
| 942 | |c BK | ||
| 945 | |d 19920805 00:00:00 | ||
| 260 | |a Ciudad de México |b U.T.E.H.A |c 1959 | ||
| 650 | 0 | |a Civilización |9 255823 | |
| 651 | 0 | |a China |9 257545 | |
| 583 | |a last modification |c 19920805 00:00:00 |k Rodrigo Vera | ||
| 490 | 0 | |a La Evolución de la Humanidad, 29 | |
| 999 | |c 214657 |d 214655 | ||
| 952 | |0 0 |1 0 |4 0 |6 951_000000000000000_GRA_1959 |7 0 |8 P |9 198271 |a BIBARQ |b BIBARQ |d 2019-11-14 |i 2657791 |o 951 GRA 1959 |p 2657791 |r 2025-01-20 |w 2019-11-14 |y BK |k ARQ | ||
| 952 | |0 0 |1 0 |4 0 |6 951_000000000000000_GRA_1959 |7 0 |8 A |9 198272 |a BIBHIS |b BIBHIS |d 2019-11-14 |i 3350894 |o 951 GRA 1959 |p 3350894 |r 2025-01-20 |w 2019-11-14 |y BK |k HIS | ||
| 952 | |0 0 |1 0 |4 0 |6 951_000000000000000_GRA_1959 |7 0 |8 A |9 198273 |a BIBHIS |b BIBHIS |d 2019-11-14 |i 1367579 |o 951 GRA 1959 |p 1367579 |r 2025-01-20 |w 2019-11-14 |y BK |k HIS | ||